000 00545cam a22001934a 4500
005 20250605164404.0
008 250528s ||||||||||||||||||||||||d
035 _a24731
020 _a1405119365
040 _aGR-AtMCL
_bgre
_dGR-AtMCL
_eAACR2
245 1 _aYour Undergraduate Psychology Project / A BPS Guide
260 _bBps Blackwell,
_c2004
300 _a124
520 _aPlanning Research, Doing Research: Collecting Data, Writing Up Research
700 1 _aMark Forshaw
_99529
942 _cBK
999 _c9590
_d9590